000
00324nam a22001337a 4500
008
170508b xxu||||| |||| 00| 0 eng d
020
_a
crowanc0308
041
_a
eng
080
_2
4 ED
_a
34
100
_a
14
101
_a
SHJ
245
_a
ANCIENT RHETORIC FOR CONTEMPORARY STUDENTS
_c
CROWLES.SH
942
_2
udc
_c
BK
999
_c
12871
_d
12871